01192nam a2200229 a 4500001001500000003000400015005001700019008004100036020002700077020003000104040000900134082002000143245007100163250001200234260005000246300002100296490004000317520044600357650003700803830004000840856008200880ASIN3848000415OSt20180116192424.0140828s2012 xxu eng d a3848000415 (hardcover) a9783848000418 (hardcover) csada a745.2bMOD 201200aModern living accessories /cFremdkÖrper Studio Andrea Mehlhose. aMul ed. a[S.l.] :bH.F.Ullmann Publishing Gmbh,c2012. a512 p. ;c31 cm.1 aEnglish, french and german edition. aMany of the design objects included in Modern Living Accessories are famous design classics, such as Pietro Chiesa’s vase Cartoccio (1932), or outstanding creations by Finnish designer Tapio Wirkkalas from the late 1960s and early 1970s up to Jaime Hayon’s and his Cristal Candy series (2009) for Baccarat. This comprehensive sourcebook features them beautifully, with full descriptions of their historic relevance and design excellence. aInterior decoration accessories. 0aEnglish, french and german edition.403Amazon.comuhttp://www.amazon.com/exec/obidos/ASIN/3848000415/chopaconline-20